Κοινωνικός αποκλεισμός : η ελληνική εμπειρία
Αποθηκεύτηκε σε:
| Κύριος συγγραφέας: | |
|---|---|
| Συλλογικό Έργο: | , |
| Άλλοι συγγραφείς: | |
| Μορφή: | Βιβλίο |
| Γλώσσα: | Greek |
| Δημοσίευση: |
Αθήνα :
Gutenberg,
c1998.
|
| Σειρά: | Βιβλιοθήκη κοινωνικής επιστήμης και κοινωνικής πολιτικής ;
58 |
| Θέματα: | |
| Ετικέτες: |
Προσθήκη ετικέτας
Δεν υπάρχουν, Καταχωρήστε ετικέτα πρώτοι!
|
MARC
| LEADER | 00000cam a2200000 i 4500 | ||
|---|---|---|---|
| 001 | 1/10620 | ||
| 008 | 050920r20071998gr d ||| |||| ||gre|| | ||
| 020 | |a 9600107513 | ||
| 035 | |l 10063502 | ||
| 035 | |l 10080355 | ||
| 040 | |a GR-MY-UA |b gre |e aacr | ||
| 041 | 0 | |a gre | |
| 082 | 7 | |a 305.09495 |2 (22) | |
| 245 | 0 | 0 | |a Κοινωνικός αποκλεισμός : |b η ελληνική εμπειρία / |c Κώστας Δημουλάς ... [κ.ά.] ; εισαγωγή-επιμέλεια: Κούλα Κασιμάτη. |
| 260 | |a Αθήνα : |b Gutenberg, |c c1998. | ||
| 300 | |a 308 σ. : |b πίν. ; |c 21 εκ. | ||
| 490 | 1 | |a (Βιβλιοθήκη κοινωνική επιστήμης και κοινωνικής πολιτικής ; |v 58) | |
| 500 | |a Ανω του τίτλου: Πάντειο Πανεπιστήμιο Κοινωνικών και Πολιτικών Επιστημών. Τμήμα Κοινωνικής Πολιτικής και Κοινωνικής Ανθρωπολογίας. Κέντρο Κοινωνικής Μορφολογίας και Κοινωνικής Πολιτικής (ΚΕΚΜΟΚΟΠ). | ||
| 500 | |a Άλλοι συγγραφείς: Κώστας Δημουλάς, Γιώργης Εξαρχος, Λουκία Μουσούρου, Αντώνης Μωυσίδης, Σάββας Ρομπόλης, Δημήτρης Τσαούσης, Γιώργος Τσιάκαλος, Ιορδάνης Ψημμένος. | ||
| 500 | |a Ανατυπώσεις 2001, 2002, 2004 και 2007. | ||
| 504 | |a Περιέχει βιβλιογραφία. | ||
| 650 | 0 | 0 | |a Differentiation (Sociology) |
| 650 | 0 | 0 | |a Social isolation |z Greece. |
| 700 | 1 | |a Κασιμάτη, Κούλα, |e edtf | |
| 700 | 1 | |a Δημουλάς, Κωνσταντίνος, |e aut | |
| 710 | 2 | |a Κέντρο Κοινωνικής Μορφολογίας και Κοινωνικής Πολιτικής (ΚΕΚΜΟΚΟΠ) | |
| 710 | 2 | |a Πάντειο Πανεπιστήμιο Κοινωνικών και Πολιτικών Επιστημών |b Τμήμα Κοινωνικής Πολιτικής και Κοινωνικής Ανθρωπολογίας |b Κέντρο Κοινωνικής Μορφολογίας και Κοινωνικής Πολιτικής. | |
| 830 | 0 | |a Βιβλιοθήκη κοινωνικής επιστήμης και κοινωνικής πολιτικής ; |v 58 | |
| 852 | |a INST |b LESVOS |e 20010926 |h 305.09495 ΚΟΙ |p 005100028719 |q 005100028719 |t BK |y 0 | ||
| 852 | |a INST |b LESVOS |e 20050920 |h 305.09495 ΚΟΙ |p 005100032608 |q 005100032608 |t BK |y 0 | ||
| 852 | |a INST |b LESVOS |c EUDOXUS |e 20160518 |h 305.09495 ΚΟΙ |p 005100057622 |q 005100057622 |t EDX |y 0 | ||
| 852 | |a INST |b LESVOS |c EUDOXUS |e 20180131 |h 305.09495 ΚΟΙ |p 005100060963 |q 005100060963 |t EDX |y 0 | ||
| 852 | |a INST |b RHODES |e 20000904 |h 305.09495 ΚΟΙ |p 005400017649 |q 005400017649 |t BK |y 0 | ||
| 852 | |a INST |b RHODES |e 20230720 |h 305.09495 ΚΟΙ |p 005400043718 |q 005400043718 |t BK |y 0 | ||
| 901 | |a BIBL4-2000-3 | ||
| 901 | |a BIBL1-2001-2 | ||
| 901 | |a BIBL1-2005-3 | ||
| 909 | |a Ρ |b 080764 | ||
| 909 | |a Λ |b 088596 | ||
| 909 | |a Λ |b 115053 | ||
| 920 | |a ΔΙΕΥΡΥΝΣΗ |b ΕΠΕΑΕΚ-ΤΚ |y Λέσβος |z 2004-10 | ||
| 920 | |a Εύδοξος |b Παραγγελία |y Λέσβος-ΤΚ |z 2016-04 | ||
| 922 | |a 4ΕΛΗ |b 200007 |c 95/ΒΙΒΛΙΟΘΗΚΗ | ||
| 970 | |a ΚΟΥΛΑΚΙΟΤΗ |b ΛΙΤΣΑ |z 2000/09/04 | ||